|
|
|
|
| LEADER |
01410nam a2200313 i 4500 |
| 001 |
33211 |
| 003 |
BD-DhAAL |
| 005 |
20180630150512.0 |
| 008 |
180630t2016 caua b 001 0 eng |
| 999 |
|
|
|c 39350
|d 39350
|
| 010 |
|
|
|a 2016940062
|
| 020 |
|
|
|a 9781473973428
|
| 020 |
|
|
|a 9781473973411
|
| 040 |
|
|
|a DLC
|b eng
|e rda
|c DLC
|d DLC
|d BD-DhAAL
|
| 042 |
|
|
|a pcc
|
| 050 |
0 |
0 |
|a LC5256.G7
|b G685 2016
|
| 082 |
|
|
|a 374
|
| 100 |
1 |
|
|a Gravells, Ann.
|9 26386
|
| 245 |
1 |
0 |
|a Principles & practices of quality assurance :
|b a guide for internal and external quality assurers in the FE and skills sector /
|c Ann Gravells
|
| 260 |
|
|
|a SAGE :
|b Learning Matters,
|c c2016
|
| 300 |
|
|
|a x, 189 pages :
|b illustrations ;
|c 25 cm.
|
| 504 |
|
|
|a Includes bibliographical references and index.
|
| 520 |
|
|
|a A guide for internal and external quality assurers in the FE and skills sector by best-selling author Ann Gravells.
|
| 526 |
|
|
|a IQAC
|
| 541 |
|
|
|a Karim International
|e 33211
|
| 650 |
|
0 |
|a Adult education
|x evaluation
|9 26387
|
| 852 |
|
|
|a Ayesha Abed Library
|c General Stacks
|
| 942 |
|
|
|2 ddc
|c BK
|
| 952 |
|
|
|0 0
|1 0
|2 ddc
|4 0
|6 374_000000000000000_GRA
|7 0
|9 63523
|a BRACUL
|b BRACUL
|c GEN
|d 2018-06-25
|e Karim International
|g 3250.00
|l 0
|o 374 GRA
|p 3010033211
|r 2018-06-25
|t 1
|v 3250.00
|w 2018-06-25
|y BK
|x The book was placed on a one-hour loan, but since it's not in high demand now, it has been moved to the General Stacks on 23 October 2025.
|